|
|
|
|
| LEADER |
01682nam a22004572i 4500 |
| 001 |
001540164 |
| 003 |
CZ BrMZK |
| 005 |
20160920081840.0 |
| 007 |
ta |
| 008 |
160824s1959 sz er|||||||||||ger d |
| 040 |
|
|
|a BOA001
|b cze
|e rda
|
| 041 |
0 |
|
|a ger
|
| 072 |
|
7 |
|a 316.4/.7
|x Sociální interakce. Sociální komunikace
|2 Konspekt
|9 18
|
| 080 |
|
|
|a 316.356.2
|2 MRF
|
| 080 |
|
|
|a 316.356.2
|2 MRF
|
| 080 |
|
|
|a 316.4.051.63
|2 MRF
|
| 080 |
|
|
|a 27-4
|2 MRF
|
| 080 |
|
|
|a 316.728
|2 MRF
|
| 080 |
|
|
|a 27
|2 MRF
|
| 080 |
|
|
|a 274/278-1/-9
|2 MRF
|
| 080 |
|
|
|a (049)
|2 MRF
|
| 100 |
1 |
|
|a Bovet, Theodor,
|d 1900-1976
|7 ola2009487978
|4 aut
|
| 245 |
1 |
0 |
|a Alltag und Wunder in der Familie /
|c Theodor Bovet
|
| 264 |
|
1 |
|a Bern :
|b Paul Haupt,
|c 1959
|
| 300 |
|
|
|a 156 stran
|c 8
|
| 336 |
|
|
|a text
|b txt
|2 rdacontent
|
| 337 |
|
|
|a bez média
|b n
|2 rdamedia
|
| 338 |
|
|
|a svazek
|b nc
|2 rdacarrier
|
| 490 |
0 |
|
|a Schriftenreihe des Christlichen Instituts für Ehe- und Familienkunde ;
|v Band 1
|
| 650 |
0 |
7 |
|a rodina
|7 ph117260
|x křesťanské pojetí
|2 czenas
|
| 650 |
0 |
7 |
|a rodinné vztahy
|7 ph135535
|x křesťanské pojetí
|2 czenas
|
| 650 |
0 |
7 |
|a mezigenerační vztahy
|7 ph202180
|x křesťanské pojetí
|2 czenas
|
| 650 |
0 |
7 |
|a křesťanský život
|7 ph122132
|2 czenas
|
| 650 |
0 |
7 |
|a každodenní život
|7 ph121555
|x křesťanské pojetí
|2 czenas
|
| 650 |
0 |
7 |
|a protestantské učení
|7 ph307587
|2 czenas
|
| 655 |
|
7 |
|a pojednání
|7 fd133056
|2 czenas
|
| 830 |
|
0 |
|a Schriftenreihe des Christlichen Instituts für Ehe- und Familienkunde
|
| 910 |
|
|
|a BOA001
|b M1-1090.566
|
| 990 |
|
|
|a BK
|
| 991 |
|
|
|b 201609
|
| 996 |
7 |
|
|b 2610679698
|c M1-1090.566
|l MZK
|r Sklad / do 24 hodin
|n 0
|p dar
|w 001575394
|u 000010
|a 1
|e BOA001
|j MZK50
|s A
|